| 000 | 00623nam a2200169Ia 4500 | ||
|---|---|---|---|
| 008 | 090711s9999 xx 000 0 und d | ||
| 082 | _b42 | ||
| 100 | _aखळदकर अरविंद के. | ||
| 245 | _aशेअरबाजाराशी मैत्री | ||
| 260 |
_bकौशिक प्रकाशन _c1986 |
||
| 300 | _a229 | ||
| 600 | _aखळदकर अरविंद के. | ||
| 630 | _aशेअरबाजाराशी मैत्री | ||
| 700 | _aखळदकर अरविंद के. | ||
| 730 | _aशेअरबाजाराशी मैत्री | ||
| 942 | _cBOOK | ||
| 999 |
_c339277 _d339274 |
||